| 000 | 00404nam a2200157Ia 4500 | ||
|---|---|---|---|
| 008 | 230312s9999||||xx |||||||||||||| ||und|| | ||
| 020 | _a0-672-31918-7 | ||
| 082 |
_a055.43 _bSMI-L |
||
| 100 | _aRoderick W. Smith | ||
| 245 | 0 | _aLinux hardware Handbook | |
| 260 |
_bThechmedia _aNew Dehli _c2000 |
||
| 300 | _a695 | ||
| 546 | _aEng. | ||
| 650 |
_aComputer _vcore system, storage, audio/video |
||
| 942 | _cBK | ||
| 999 |
_c2965 _d2965 |
||